قراءة التراث النقدى / (رقم التسجيلة. 141216)

تفاصيل مارك
000 -LEADER
fixed length control field 01702camaa2200385 i 4500
003 - CONTROL NUMBER IDENTIFIER
control field EG-GiCUC
005 - DATE AND TIME OF LATEST TRANSACTION
control field 20260127142626.0
008 - FIXED-LENGTH DATA ELEMENTS--GENERAL INFORMATION
fixed length control field 151105s2006 ua jr 000 0 ara d
017 ## - COPYRIGHT OR LEGAL DEPOSIT NUMBER
Copyright or legal deposit number 2006 / 74461
Assigning agency دار الكتب والوثائق القومية (مصر)
020 ## - INTERNATIONAL STANDARD BOOK NUMBER
International Standard Book Number 9774192561
040 ## - CATALOGING SOURCE
Original cataloging agency EG-GiCUC
Language of cataloging ara
Transcribing agency EG-GiCUC
082 04 - DEWEY DECIMAL CLASSIFICATION NUMBER
Edition number 21
Classification number 810.9
Item number U849qir
092 04 - LOCALLY ASSIGNED DEWEY CALL NUMBER (OCLC)
Classification number 810.9
Item number U849qir
Edition number 21
099 ## - LOCAL FREE-TEXT CALL NUMBER (OCLC)
Classification number 810.9 U849qir
100 1# - MAIN ENTRY--PERSONAL NAME
Personal name عصفور، جابر
Relator term مؤلف.
245 10 - TITLE STATEMENT
Title قراءة التراث النقدى /
Statement of responsibility, etc. تأليف الدكتور جابر عصفور.
250 ## - EDITION STATEMENT
Edition statement الطبعة الاولى
264 ## - PRODUCTION, PUBLICATION, DISTRIBUTION, MANUFACTURE, AND COPYRIGHT NOTICE
Place of production, publication, distribution, manufacture القاهرة (مصر) :
Name of producer, publisher, distributor, manufacturer الهيئة المصرية العامة للكتاب،
Date of production, publication, distribution, manufacture, or copyright notice 2006.
300 ## - PHYSICAL DESCRIPTION
Extent 325 صفحة ؛
Dimensions 24 سم
336 ## - CONTENT TYPE
Source rdacontent
Content type term text
337 ## - MEDIA TYPE
Source rdamedia
Media type term Unmediated
338 ## - CARRIER TYPE
Source rdacarrier
Carrier type term volume
490 1# - SERIES STATEMENT
Series statement مهرجان القراءة للجميع . مكتبة الاسرة 2006 . سلسلة العلوم الاجتماعية
500 ## - GENERAL NOTE
General note النسخة (174014) اهداء د. جابر عصفور سنة 2024.
504 ## - BIBLIOGRAPHY, ETC. NOTE
Bibliography, etc. note يشتمل على ارجاعات ببليوجرافية.
541 ## - IMMEDIATE SOURCE OF ACQUISITION NOTE
Method of acquisition اهداء ؛
Source of acquisition عصام الشنطى ؛
Address القاهرة ؛
Date of acquisition 2013
541 ## - IMMEDIATE SOURCE OF ACQUISITION NOTE
Method of acquisition اهداء ؛
Source of acquisition د. جابر عصفور ؛
Address القاهرة ؛
Date of acquisition 2024.
600 10 - SUBJECT ADDED ENTRY--PERSONAL NAME
Personal name عصفور، جابر
650 17 - SUBJECT ADDED ENTRY--TOPICAL TERM
Topical term or geographic name entry element الادب العربى
General subdivision تاريخ و نقد
Source of heading or term qrmak
830 #0 - SERIES ADDED ENTRY--UNIFORM TITLE
Uniform title مهرجان القراءة للجميع .
Name of part/section of a work مكتبة الاسرة 2006 .
-- سلسلة العلوم الاجتماعية
905 ## - Cataloger and Reviser Names
Cataloger Name
Reviser Name
905 ## - Cataloger and Reviser Names
Cataloger Name
Reviser Name
905 ## - Cataloger and Reviser Names
Cataloger Name Aya Mohamed
942 ## - ADDED ENTRY ELEMENTS (KOHA)
Source of classification or shelving scheme Dewey Decimal Classification
Koha item type Books
Edition 21
Suppress in OPAC No
المقتنيات
Withdrawn status Lost status Source of classification or shelving scheme Damaged status Not for loan Home library Current library Date acquired Inventory number Total checkouts Full call number Barcode Date last seen Price effective from Koha item type
    Dewey Decimal Classification     المكتبة المركزبة الجديدة - جامعة القاهرة قاعة المكتبات المهداة - الدور الرابع 11.02.2024 1364   810.9 U849qir I.Sh. 01000107001364000 23.06.2024 23.09.2023 Books
    Dewey Decimal Classification   Not for loan المكتبة المركزبة الجديدة - جامعة القاهرة قاعة المكتبات المهداة - الدور الرابع 25.01.2026 174014   810.9 U849qir J.U. 01000100174014000 25.01.2026 25.01.2026 Books
Cairo University Libraries Portal Implemented & Customized by: Eng. M. Mohamady Contacts: new-lib@cl.cu.edu.eg | cnul@cl.cu.edu.eg
CUCL logo CNUL logo
© All rights reserved — Cairo University Libraries
CUCL logo
Implemented & Customized by: Eng. M. Mohamady Contact: new-lib@cl.cu.edu.eg © All rights reserved — New Central Library
CNUL logo
Implemented & Customized by: Eng. M. Mohamady Contact: cnul@cl.cu.edu.eg © All rights reserved — Cairo National University Library